Piłkarska kariera Xabiego Alonso. - Statystyki

Ogólne statystyki
  • Ten quiz został rozwiązany 103 razy
  • Średni wynik to 3 z 5
Statystyki odpowiedzi
Lata Drużyna % Poprawnych
2009-2014 Real Madryt
97%
2014-2017 Bayern
92%
2004-2009 Liverpool
74%
2000-2004 Real Sociedad
36%
2000-2000 Eibar
5%
Nie znaleziono quizów pasujących do podanych kryteriów
Rozkład punktacji
Procent ludzi z każdym wynikiem
Percentyl według liczby udzielonych odpowiedzi
Twoja historia wyników
Nie rozwiązałeś tego quizu